Title in the Lyrics - Panic! At the Disco - Statistics

General Stats
  • This quiz has been taken 3,030 times
    1,317 since last reset
  • The average score is 11 of 18
Answer Stats
Answer % Correct
{Sarah} {Smiles} like Sarah doesn't care / She lives in her world so unaware
87%
Into a place where thoughts can bloom / Into a room where it's {Nine} {in} {the} {Afternoon}
86%
Stop there and let me correct it / I wanna live a life from a {New} {Perspective}
84%
Climbing out the back door, didn't leave a mark / No one knows it's you {Miss} {Jackson}
83%
Hey! Hey! We are a {Hurricane} / Drop our anchors in a storm
75%
{This} {is} {Gospel} for the fallen ones / Locked away in permanent slumber
73%
I'm {Ready} {to} {Go} / (Get me out of my mind / Get me out of my mind)
64%
Tripping eyes and flooded lungs / {Northern} {Downpour} sends its love
64%
He took the days for pageant / Became as {Mad} {as} {Rabbits} / With bushels of bad habits
61%
It was {Always} you / Falling for me
61%
Drown every sense you own / For the {Girl} {That} {You} {Love} / Girl you loathe
60%
Show them all you're not the ordinary type / {Let's} {Kill} {Tonight}
55%
Oh, {Memories}, where'd you go? / You were all I've ever known
54%
All was golden in the sky / All was golden {When} {the} {Day} {Met} {the} {Night}
53%
In the {Vegas} {Lights} / Where villains spend the weekend
48%
While the crown hangs heavy on either side / Give me one last kiss while we're {Far} {Too} {Young} {to} {Die}
47%
I've got a {Collar} {Full} of chemistry from your company / So maybe tonight I'll be the libertine
46%
Everybody screeeeeeeam / Everybody scream / {It's} {Almost} {Halloween}
30%
No matching quizzes found
Score Distribution
Percent of People with Each Score
Percentile by Number Answered
Your Score History
You have not taken this quiz since the last reset